[Event "15th LCC Super Rapid 2025"]
[Site "London ENG"]
[Date "2025.12.07"]
[Round "6.66"]
[White "McLachlan, Matthew"]
[Black "Breton, Martin"]
[Result "0-1"]
[WhiteElo "1959"]
[BlackElo "1772"]
[WhiteFideId "436003"]
[BlackFideId "343428916"]
[EventDate "2025.12.06"]

1. d4 d5 2. c4 e6 3. Nc3 Nf6 4. cxd5 exd5 5. Bg5 c6 6. Qc2 Be7 7. e3 h6 8. Bh4
Nh5 9. Bxe7 Qxe7 10. Be2 Nf6 11. Nf3 Nbd7 12. a3 a5 13. O-O O-O 14. Rfe1 Ne4 15.
Nxe4 dxe4 16. Nd2 Re8 17. Bc4 b5 18. Ba2 Bb7 19. Rac1 a4 20. Qc3 Rec8 21. Nf1 c5
22. Ng3 b4 23. Qd2 b3 24. Bb1 g6 25. d5 f5 26. Red1 Qd6 27. f3 exf3 28. gxf3 Ne5
29. Qg2 Kh8 30. Ne2 Qf6 31. Qh3 Qg5+ 32. Kf2 Rf8 33. Rg1 Ng4+ 34. Ke1 Qxe3 35.
Qf1 Nxh2 36. Qf2 Nxf3+ 37. Kf1 Qxf2+ 38. Kxf2 Nxg1 39. Kxg1 Bxd5 40. Nf4 Bf7 41.
Bd3 g5 42. Ng2 c4 43. Bxf5 Bd5 44. Bd7 Bxg2 45. Kxg2 Rfd8 46. Bc6 Rd2+ 47. Kg3
Rad8 48. Kg4 Rxb2 49. Rxc4 Rc2 0-1

[Event "15th LCC Super Rapid 2025"]
[Site "London ENG"]
[Date "2025.12.07"]
[Round "6.67"]
[White "Rich, Aaron"]
[Black "Fernandez, Michael"]
[Result "0-1"]
[BlackTitle "FM"]
[WhiteElo "2035"]
[BlackElo "2243"]
[WhiteFideId "499951"]
[BlackFideId "5803560"]
[EventDate "2025.12.06"]

1. e4 c5 2. Nf3 d6 3. Bb5+ Nd7 4. d4 cxd4 5. Qxd4 a6 6. Bxd7+ Bxd7 7. O-O e5 8.
Qd3 Rc8 9. b3 Nf6 10. Bg5 Bc6 11. Re1 Be7 12. Nbd2 b5 13. Rad1 O-O 14. Nh4 h6
15. Bxf6 Bxf6 16. Nf5 d5 17. Qg3 Kh7 18. exd5 Qxd5 19. Nf1 Qc5 20. Rd6 Rg8 21.
Qh3 Bg5 22. N1e3 Be4 23. Rd7 Qc3 24. Rf1 Rc7 25. Rd6 Rc6 26. Rd7 Rf6 27. Nd6 Qc6
28. Nxf7 Bxe3 29. fxe3 Rxf1+ 30. Kxf1 Qf6+ 31. Kg1 Bf5 32. Qf3 Bxd7 0-1

[Event "15th LCC Super Rapid 2025"]
[Site "London ENG"]
[Date "2025.12.07"]
[Round "6.68"]
[White "Sandhu, Jai"]
[Black "Hobson, Kenneth"]
[Result "0-1"]
[BlackTitle "FM"]
[WhiteElo "1853"]
[BlackElo "2307"]
[WhiteFideId "343439330"]
[BlackFideId "480819"]
[EventDate "2025.12.06"]

1. d4 Nf6 2. c4 e6 3. Nf3 d5 4. g3 Bb4+ 5. Bd2 Be7 6. Bg2 O-O 7. O-O c6 8. Nc3
a5 9. b3 Nbd7 10. Bf4 b6 11. Qc2 Ba6 12. cxd5 cxd5 13. a4 Rc8 14. Qb2 Bb4 15.
Na2 Ne4 16. Rac1 Qe7 17. Rxc8 Rxc8 18. Rc1 Rxc1+ 19. Bxc1 h6 20. Nd2 f5 21. Nxe4
fxe4 22. Nxb4 axb4 23. h4 Qd6 24. Bf4 Qc6 25. Bd2 Qd6 26. Bf4 Qf8 27. f3 Nf6 28.
fxe4 Nxe4 29. Bxe4 dxe4 30. Qc2 Qf5 31. Qc7 Bxe2 32. Qd8+ Kh7 33. Qe7 Qh3 34.
Kf2 Qf1+ 35. Ke3 Bd3 36. d5 Qg1+ 37. Kd2 Qf2+ 38. Kd1 Qe2+ 39. Kc1 Qc2# 0-1

[Event "15th LCC Super Rapid 2025"]
[Site "London ENG"]
[Date "2025.12.07"]
[Round "7.1"]
[White "Dominguez Perez, Leinier"]
[Black "Vitiugov, Nikita"]
[Result "1/2-1/2"]
[WhiteTitle "GM"]
[BlackTitle "GM"]
[WhiteElo "2738"]
[BlackElo "2657"]
[WhiteFideId "3503240"]
[BlackFideId "4152956"]
[EventDate "2025.12.06"]

1. e4 e5 2. Nf3 Nc6 3. Bb5 a6 4. Ba4 Nf6 5. O-O Be7 6. d3 b5 7. Bb3 d6 8. c3 O-O
9. h3 Bb7 10. Nbd2 Na5 11. Bc2 c5 12. Re1 Re8 13. Nf1 h6 14. Ng3 Bf8 15. d4 cxd4
16. cxd4 exd4 17. Nxd4 Qc7 18. Bd2 Nc4 19. Bc3 d5 20. Ndf5 Re6 21. Bxf6 Rxf6 22.
b3 Na3 23. e5 Re6 24. Rc1 Nxc2 25. Rxc2 Qb6 26. Nd4 Ree8 27. Qg4 Rac8 28. e6
Rxc2 29. exf7+ Kxf7 30. Qd7+ Re7 31. Rxe7+ Bxe7 32. Nxc2 Qc6 33. Qf5+ Qf6 34.
Qh5+ Qg6 35. Qf3+ Qf6 36. Qh5+ Qg6 37. Qf3+ Qf6 1/2-1/2

[Event "15th LCC Super Rapid 2025"]
[Site "London ENG"]
[Date "2025.12.07"]
[Round "7.2"]
[White "Firouzja, Alireza"]
[Black "Adams, Michael"]
[Result "1/2-1/2"]
[WhiteTitle "GM"]
[BlackTitle "GM"]
[WhiteElo "2762"]
[BlackElo "2635"]
[WhiteFideId "12573981"]
[BlackFideId "400041"]
[EventDate "2025.12.06"]

1. d4 d5 2. c4 e6 3. Nc3 Be7 4. cxd5 exd5 5. Bf4 Nf6 6. e3 O-O 7. Bd3 c5 8. Nf3
Nc6 9. O-O Bg4 10. dxc5 Bxc5 11. h3 Bxf3 12. Qxf3 d4 13. Ne4 Nxe4 14. Bxe4 Qe7
15. Rfe1 dxe3 16. Bxe3 Bb4 17. Re2 Ne5 18. Qh5 g6 19. Qg5 Rfe8 20. Qxe7 Rxe7 21.
Bg5 Rd7 22. Bf6 Nc4 23. g4 Bf8 24. Rc1 Nd6 25. Bg2 Bg7 26. g5 Ne8 27. Be7 h6 28.
h4 hxg5 29. hxg5 Bxb2 30. Rb1 Bd4 31. Rxb7 Rxb7 32. Bxb7 Rb8 33. Bd5 Ng7 34. Bb3
Nf5 35. Ba3 a5 36. Kg2 Kg7 37. Bc1 Rc8 38. Bf4 Kf8 39. Rd2 Rc3 40. Bd5 Rc5 41.
Bb3 Be5 42. Bxe5 Rxe5 43. Rd7 Re7 44. Rd5 Ra7 45. Bc2 Ng7 46. Kg3 Ne6 47. Ba4
Ke7 48. f4 Rc7 49. Rxa5 Rc3+ 50. Kg4 Rc4 51. Bb3 1/2-1/2

[Event "15th LCC Super Rapid 2025"]
[Site "London ENG"]
[Date "2025.12.07"]
[Round "7.3"]
[White "McShane, Luke J"]
[Black "Theodorou, Nikolas"]
[Result "0-1"]
[WhiteTitle "GM"]
[BlackTitle "GM"]
[WhiteElo "2615"]
[BlackElo "2656"]
[WhiteFideId "404853"]
[BlackFideId "4262875"]
[EventDate "2025.12.06"]

1. e4 c5 2. Nf3 Nc6 3. Bb5 e6 4. c3 a6 5. Bxc6 bxc6 6. O-O Ne7 7. b3 Ng6 8. Ba3
Be7 9. d4 cxd4 10. cxd4 O-O 11. Bxe7 Qxe7 12. Nc3 Bb7 13. Na4 d6 14. Re1 Rad8
15. Qe2 f6 16. Qe3 e5 17. Nb2 Kh8 18. Nd3 a5 19. Rac1 Ra8 20. Rc3 Qf7 21. Qd2 h6
22. Rc2 Rfe8 23. Rcc1 Qe6 24. Qc2 Ba6 25. dxe5 fxe5 26. Nd2 Bxd3 27. Qxd3 Nf4
28. Qe3 d5 29. exd5 cxd5 30. g3 Qg6 31. Rf1 Rf8 32. Rc7 e4 33. Kh1 Nd3 34. Kg1
Rf6 35. f3 Raf8 36. fxe4 Rxf1+ 37. Nxf1 dxe4 38. Rc2 Qf6 39. Qe2 Qd4+ 40. Kg2
Qa1 41. Kh3 Qxf1+ 0-1

[Event "15th LCC Super Rapid 2025"]
[Site "London ENG"]
[Date "2025.12.07"]
[Round "7.4"]
[White "Shetty, Atulya"]
[Black "Abdusattorov, Nodirbek"]
[Result "0-1"]
[WhiteTitle "IM"]
[BlackTitle "GM"]
[WhiteElo "2455"]
[BlackElo "2750"]
[WhiteFideId "2031213"]
[BlackFideId "14204118"]
[EventDate "2025.12.06"]

1. c4 e5 2. g3 c6 3. d4 e4 4. d5 Bb4+ 5. Bd2 Qe7 6. Nc3 Nf6 7. Bg2 Na6 8. Qc2
cxd5 9. cxd5 O-O 10. a3 Bxc3 11. Bxc3 d6 12. Rd1 Bd7 13. Nh3 Nc5 14. Rd4 Nd3+
15. Kf1 Nc5 16. Ng5 Rfe8 17. h4 Rac8 18. Bh3 Bg4 19. Kg2 h6 20. Bxg4 Nxg4 21.
Nh3 Qf6 22. Rc1 Qf5 23. Qd1 b6 24. b4 Nd7 25. Bb2 Nde5 26. Rxc8 Rxc8 27. Qb1 Rc4
28. Qd1 b5 29. Qb3 a6 30. Rxc4 Nxc4 31. Nf4 g5 32. hxg5 hxg5 33. Nh3 Qxd5 34.
Qc3 f6 35. Bc1 Nge5 36. Be3 Kf7 37. Bd4 Qe6 38. Ng1 Nc6 39. e3 d5 40. Ne2 Qf5
41. Ng1 N6e5 0-1

[Event "15th LCC Super Rapid 2025"]
[Site "London ENG"]
[Date "2025.12.07"]
[Round "7.5"]
[White "Royal, Shreyas"]
[Black "Shankland, Sam"]
[Result "0-1"]
[WhiteTitle "GM"]
[BlackTitle "GM"]
[WhiteElo "2495"]
[BlackElo "2649"]
[WhiteFideId "448869"]
[BlackFideId "2004887"]
[EventDate "2025.12.06"]

1. Nf3 Nf6 2. c4 g6 3. Nc3 Bg7 4. e4 d6 5. d4 O-O 6. Be2 e5 7. O-O Bg4 8. Be3
Bxf3 9. Bxf3 exd4 10. Bxd4 Nc6 11. Be3 Nd7 12. Qd2 Re8 13. Rfe1 Bxc3 14. Qxc3
Qf6 15. Rac1 Qxc3 16. Rxc3 Nc5 17. Bd2 a5 18. g3 Nb4 19. a3 Nbd3 20. Rb1 a4 21.
Bg2 Re7 22. Bg5 Re5 23. Be3 Re6 24. Rd1 Ne5 25. Rc2 Rae8 26. f3 b6 27. Bd4 Nb3
28. Bf2 Na5 29. Rdc1 Nd3 30. Rd1 Nxf2 31. Kxf2 Nb3 32. Rd5 Nc5 33. h4 Kg7 34.
Bh3 R6e7 35. g4 h6 36. Kg3 Re5 37. g5 hxg5 38. hxg5 Rh8 39. Rcd2 Rh5 40. Rxe5
dxe5 41. Bg4 Rh1 42. Bd7 Rg1+ 43. Kh4 Nb3 44. Rd5 Nd4 45. Bg4 Ne2 46. Rxe5 Rh1+
47. Bh3 Ng1 48. Kg3 Rxh3+ 49. Kg2 Nxf3 50. Rb5 Nxg5 51. Rxg5 Rb3 52. Rd5 Rxb2+
53. Kf1 Rc2 54. Rd4 c5 55. Rd6 Rxc4 56. Rxb6 Rxe4 57. Rb5 Re3 58. Rxc5 Rxa3 0-1

[Event "15th LCC Super Rapid 2025"]
[Site "London ENG"]
[Date "2025.12.07"]
[Round "7.7"]
[White "Mishra, Abhimanyu"]
[Black "Tulchynskyi, Feliks"]
[Result "1-0"]
[WhiteTitle "GM"]
[BlackTitle "IM"]
[WhiteElo "2642"]
[BlackElo "2409"]
[WhiteFideId "30920019"]
[BlackFideId "34127895"]
[EventDate "2025.12.06"]

1. d4 Nf6 2. c4 e6 3. Nc3 Bb4 4. e3 O-O 5. Bd3 d5 6. cxd5 exd5 7. a3 Be7 8. Nge2
b6 9. b4 Bb7 10. O-O Nbd7 11. Rb1 a6 12. f3 Rb8 13. e4 c5 14. e5 Ne8 15. f4 g6
16. Be3 c4 17. Bc2 f5 18. g4 Ng7 19. Ng3 Qe8 20. gxf5 gxf5 21. Kh1 Kh8 22. Bf2
b5 23. Qf3 Nb6 24. Rg1 Bc8 25. Rg2 Be6 26. Rbg1 Qf7 27. Bd1 Rg8 28. Nf1 Bd7 29.
Ne3 Ne6 30. Rxg8+ Rxg8 31. Rxg8+ Kxg8 32. Nexd5 Bd8 33. Nxb6 Bxb6 34. d5 Nd4 35.
Qg2+ Qg6 36. Bh5 Qxg2+ 37. Kxg2 Bc8 38. e6 Kf8 39. Kf1 Ba7 40. Bf7 Ke7 41. Bh4+
Kf8 42. Bf6 Nc2 43. d6 Bb6 44. Nd5 Ne3+ 45. Nxe3 Bxe3 46. Be7+ Kg7 47. d7 Bxd7
48. exd7 Bb6 49. Be6 c3 50. Bxf5 1-0

[Event "15th LCC Super Rapid 2025"]
[Site "London ENG"]
[Date "2025.12.07"]
[Round "7.8"]
[White "Eljanov, Pavel"]
[Black "Pranav, Anand"]
[Result "1-0"]
[WhiteTitle "GM"]
[BlackTitle "GM"]
[WhiteElo "2656"]
[BlackElo "2581"]
[WhiteFideId "14102951"]
[BlackFideId "46626786"]
[EventDate "2025.12.06"]

1. d4 Nf6 2. Nf3 d5 3. Bf4 e6 4. e3 c5 5. Nbd2 Nc6 6. c3 cxd4 7. exd4 Nh5 8. Be3
Bd6 9. Bb5 O-O 10. O-O a6 11. Ba4 Nf4 12. Bc2 f5 13. Ne5 Nxe5 14. Bxf4 Nf7 15.
Bxd6 Qxd6 16. Nf3 Bd7 17. Re1 Rfc8 18. a3 a5 19. Qd2 b5 20. h4 Rab8 21. Bd3 Rb6
22. g3 Qf8 23. Qf4 Nd6 24. Ne5 Be8 25. Re2 Qf6 26. Rae1 Nf7 27. Nf3 Bd7 28. Ng5
h6 29. Nxf7 Qxf7 30. Ra1 Qf6 31. Kg2 g5 32. hxg5 hxg5 33. Qf3 Kg7 34. Ree1 Rbb8
35. Rh1 Rh8 36. Qe3 Kf7 37. Rxh8 Rxh8 38. Rh1 Rxh1 39. Kxh1 f4 40. Qe2 b4 41.
cxb4 axb4 42. Qe5 bxa3 43. bxa3 Qe7 44. Be2 fxg3 45. Bh5+ Kg8 46. fxg3 Ba4 47.
Bg4 Kf7 48. Qh8 Qxa3 49. Qh5+ Kf8 50. Qh6+ Ke8 51. Qxe6+ Kf8 52. Qf5+ Ke8 53.
Bh5+ Kd8 54. Qxd5+ Kc7 55. Qe5+ Kb6 56. Qb8+ Kc6 57. Be8+ Kd5 58. Qa8+ Kd6 59.
Bxa4 Qa1+ 60. Kg2 Qb2+ 61. Kh3 g4+ 62. Kh4 1-0

[Event "15th LCC Super Rapid 2025"]
[Site "London ENG"]
[Date "2025.12.07"]
[Round "7.9"]
[White "Bulmaga, Irina"]
[Black "Ghasi, Ameet K"]
[Result "0-1"]
[WhiteTitle "IM"]
[BlackTitle "GM"]
[WhiteElo "2386"]
[BlackElo "2500"]
[WhiteFideId "13903063"]
[BlackFideId "409200"]
[EventDate "2025.12.06"]

1. e4 d6 2. d4 Nf6 3. Bd3 e5 4. c3 Nc6 5. Nf3 g6 6. O-O Bg7 7. h3 O-O 8. Re1 Re8
9. Nbd2 Nd7 10. d5 Ne7 11. Nf1 c6 12. c4 Nc5 13. Bc2 a5 14. Ng3 Bd7 15. Be3 cxd5
16. cxd5 Rc8 17. Rc1 Qb6 18. b3 Qb4 19. Bd2 Qb5 20. Be3 h6 21. Qd2 Kh7 22. Nh2
Qb4 23. Qd1 Ng8 24. Nf3 Nf6 25. Bd2 Qb5 26. Rb1 Rc7 27. a4 Qa6 28. b4 axb4 29.
Bxb4 Nxa4 30. Bd3 b5 31. Qd2 Rec8 32. Ra1 Ne8 33. Ba5 Qb7 34. Bxc7 Nxc7 35. Reb1
Nc5 36. h4 Rb8 37. h5 Bf6 38. hxg6+ fxg6 39. Nf1 N7a6 40. Bc2 b4 41. Ne3 Qc7 42.
Qd1 Kg7 43. Rc1 Bb5 44. Bb3 Qd7 45. Bc4 Nc7 46. Nd2 Rb7 47. Rab1 Ba4 48. Bb3 Bb5
49. Nec4 Ra7 50. Ra1 N7a6 51. Na5 Bg5 52. Bc4 Rc7 53. Qe2 Bxc4 54. Naxc4 Rb7 55.
Rcb1 Rb8 56. Nf3 Bd8 57. Nfd2 Be7 58. Rb2 Na4 59. Rb3 N6c5 60. Kh2 0-1

[Event "15th LCC Super Rapid 2025"]
[Site "London ENG"]
[Date "2025.12.07"]
[Round "7.10"]
[White "Yuffa, Daniil"]
[Black "Haydon, David L"]
[Result "1/2-1/2"]
[WhiteTitle "GM"]
[BlackTitle "FM"]
[WhiteElo "2618"]
[BlackElo "2284"]
[WhiteFideId "24131423"]
[BlackFideId "415405"]
[EventDate "2025.12.06"]

1. d4 Nf6 2. c4 e6 3. g3 d5 4. Bg2 Be7 5. Nf3 O-O 6. Qc2 c5 7. dxc5 Qa5+ 8. Nbd2
Nc6 9. a3 dxc4 10. O-O Qxc5 11. Qxc4 Bd7 12. b4 Qxc4 13. Nxc4 Rac8 14. Nce5 Rfd8
15. Nxd7 Rxd7 16. Bb2 a6 17. Rac1 Rcd8 18. Ne5 Nxe5 19. Bxe5 Nd5 20. e4 Nf6 21.
Bc7 Rc8 22. Bb6 Rxc1 23. Rxc1 g5 24. h3 Kg7 25. Rc7 Bd6 26. Rxd7 Nxd7 27. Be3
Be7 28. e5 b6 29. Bd4 Bd8 30. Bb7 a5 31. Bc6 Nf8 32. Kg2 axb4 33. axb4 Ng6 34.
Kf3 Be7 35. b5 Bd8 36. Ke4 Ne7 37. f4 gxf4 38. gxf4 Kg6 39. Bf2 Nf5 40. Kd3 Kg7
41. Bf3 Nh6 42. Bg4 Bc7 43. Ke4 Kg6 44. Bh4 Kg7 45. Bf6+ Kg6 46. Be7 Ng8 47. f5+
exf5+ 48. Bxf5+ Kg7 49. Bh4 h6 50. Kd5 Kf8 51. Kc6 Bxe5 52. Kxb6 Ne7 53. Be4 f5
54. Bf3 Ke8 55. Ka6 Kd7 56. b6 Nc6 57. Be1 Nd4 58. Bh5 Nc6 59. h4 f4 60. Bg4+
Kd6 61. h5 Kc5 62. b7 Kd6 63. Bf3 Kc7 64. Bf2 Kd7 65. Kb6 Bc7+ 66. Kb5 Ne5 67.
Be4 Bb8 68. Ka6 Kc7 69. Bb6+ Kd6 70. Ba7 Kc7 71. Bc5 Kd7 72. Bf8 f3 73. Bxh6 f2
74. Bg2 Ng4 75. Bg5 Ke6 76. Bh4 Kf7 77. Kb6 Kg7 78. Bd8 Ne3 79. Bh3 Kh6 80. Kc6
Kxh5 81. Bc7 Kh4 82. Bf1 Nxf1 83. Bxb8 Nd2 84. Bg3+ Kxg3 85. b8=Q+ Kf3 86. Qf8+
Ke3 87. Qh6+ Ke2 88. Qh5+ Nf3 89. Qb5+ Ke1 90. Qb1+ Kd2 91. Kd5 Nh2 92. Qb2+ Ke3
93. Qe5+ Kf3 94. Qf5+ Kg3 95. Qe5+ Kf3 96. Qe4+ Kg3 97. Qe3+ Kg2 98. Qd2 Kg3 99.
Qc3+ Kg2 100. Qg7+ Kf3 101. Qf7+ Kg3 102. Qg6+ Kf3 103. Qf5+ Kg3 104. Qe5+ Kf3
105. Qc3+ Kg2 106. Qc2 Kg3 107. Ke4 1/2-1/2

[Event "15th LCC Super Rapid 2025"]
[Site "London ENG"]
[Date "2025.12.07"]
[Round "7.11"]
[White "Gordon, Stephen J"]
[Black "Cancedda-Dupuis, Livio"]
[Result "1-0"]
[WhiteTitle "GM"]
[WhiteElo "2465"]
[BlackElo "2160"]
[WhiteFideId "411477"]
[BlackFideId "499447"]
[EventDate "2025.12.06"]

1. Nf3 Nf6 2. c4 e6 3. g3 d5 4. Bg2 Bd6 5. d4 O-O 6. O-O b6 7. cxd5 exd5 8. Nc3
a6 9. Bg5 Bb7 10. Ne5 Be7 11. Qb3 c6 12. Bxf6 Bxf6 13. e4 Bxe5 14. dxe5 d4 15.
Rad1 c5 16. Nd5 Nd7 17. f4 b5 18. Qf3 Nb6 19. b4 Nxd5 20. exd5 cxb4 21. Qe4 Rc8
22. Qxd4 Qa5 23. Rf2 Rfd8 24. f5 b3 25. axb3 Qc3 26. Qxc3 Rxc3 27. e6 fxe6 28.
fxe6 Re3 29. d6 Rxe6 30. Bxb7 Rexd6 31. Rxd6 Rxd6 32. Ra2 Kf8 33. Bxa6 Rd1+ 34.
Kg2 Rb1 35. Bxb5 Rxb3 36. Bc4 Rb7 37. Rf2+ Ke8 38. h4 Rc7 39. Bg8 g6 40. Kh3 Rg7
41. Ba2 Ra7 42. Bg8 Rg7 43. Bc4 Rc7 44. Rf4 Rc5 45. Bg8 Rc7 46. Kg4 Rg7 47. Bxh7
g5 48. Re4+ Kf8 49. Bf5 gxh4+ 50. Kxh4 Rc7 51. Kg5 Kf7 52. Rd4 Rc6 53. Rd7+ Kf8
54. g4 Rb6 55. Be4 Kg8 56. Kf5 Kh8 57. Rd8+ Kg7 58. g5 Rb5+ 59. Bd5 Ra5 60. Rd7+
Kh8 61. g6 Ra7 62. g7+ 1-0

[Event "15th LCC Super Rapid 2025"]
[Site "London ENG"]
[Date "2025.12.07"]
[Round "7.12"]
[White "Balaji, Aaravamudhan"]
[Black "Kovchan, Alexander"]
[Result "0-1"]
[WhiteTitle "IM"]
[BlackTitle "GM"]
[WhiteElo "2305"]
[BlackElo "2440"]
[WhiteFideId "436224"]
[BlackFideId "14103052"]
[EventDate "2025.12.06"]

1. d4 d6 2. e4 Nf6 3. Nc3 g6 4. Be3 Bg7 5. Nf3 O-O 6. Qd2 a6 7. Bh6 Nc6 8. O-O-O
e5 9. Bxg7 Kxg7 10. dxe5 dxe5 11. Qxd8 Nxd8 12. Nxe5 Re8 13. f4 b5 14. Bd3 Bb7
15. Rhe1 Ne6 16. g3 g5 17. Nf3 gxf4 18. gxf4 Nxf4 19. e5 Bxf3 20. Rg1+ Kh8 21.
Rdf1 Nxd3+ 22. cxd3 Nd7 23. Rxf3 Nxe5 24. Rh3 Rad8 25. Kc2 f5 26. Rg5 Nc6 27.
Kd2 Nd4 28. b4 c6 29. Rgh5 Rd7 30. Rh6 a5 31. a3 a4 32. Rf6 Rg8 33. Rg3 Rxg3 34.
hxg3 Kg7 0-1

[Event "15th LCC Super Rapid 2025"]
[Site "London ENG"]
[Date "2025.12.07"]
[Round "7.13"]
[White "Kalavannan, Koby"]
[Black "Iniyan, Pa"]
[Result "1/2-1/2"]
[WhiteTitle "FM"]
[BlackTitle "GM"]
[WhiteElo "2275"]
[BlackElo "2601"]
[WhiteFideId "425753"]
[BlackFideId "25002767"]
[EventDate "2025.12.06"]

1. Nf3 Nf6 2. b3 c5 3. Bb2 Nc6 4. g3 Qc7 5. d4 cxd4 6. Nxd4 e5 7. Nf3 Bc5 8. Bg2
Bxf2+ 9. Kxf2 Ng4+ 10. Ke1 Qb6 11. e3 Nxe3 12. Qe2 d5 13. Bc1 Nxg2+ 14. Qxg2 O-O
15. Qf2 d4 16. Ba3 Re8 17. Ng5 f5 18. Qe2 h6 19. Qh5 Be6 20. Nxe6 Rxe6 21. Qxf5
Rf6 22. Qe4 Qa5+ 23. b4 Nxb4 24. Bxb4 Qxb4+ 25. Nd2 Raf8 26. Rb1 Qa5 27. Qxb7
Kh8 28. Qb4 Qd5 29. Rg1 Rf2 30. Qb5 Qxa2 31. Rb2 Qa1+ 32. Rb1 Qa2 33. Rb2 Qa3
34. Qb3 Qa1+ 35. Rb1 Qa5 36. Qb4 Qc7 37. Qc4 Qxc4 38. Nxc4 Rxh2 39. Nd2 Rff2 40.
Nf1 Re2+ 41. Kd1 Rhf2 42. Rb8+ Kh7 43. Rc8 e4 44. g4 d3 45. cxd3 exd3 46. g5
hxg5 47. Rh1+ Kg6 48. Rc6+ Rf6 49. Rxf6+ gxf6 50. Rh3 g4 51. Rxd3 Re5 52. Ra3 a5
53. Ne3 f5 54. Nc4 Re4 55. Nd2 Re5 56. Nc4 Rc5 57. Nxa5 Kg5 58. Ke2 Kh4 59. Ra4
Rc2+ 60. Kd3 Rf2 61. Nc4 Rf3+ 62. Ke2 Kg3 63. Ne3 f4 64. Nf5+ Kh2 65. Ra6 Rb3
66. Rh6+ Kg2 67. Nh4+ Kg1 68. Rg6 Re3+ 69. Kd2 g3 70. Rg4 Re4 71. Ng6 f3 72.
Rxg3+ Kf2 73. Rg5 Re2+ 74. Kd3 Kf1 75. Nf4 Ra2 76. Nh3 Rg2 77. Ke3 Rxg5 78. Nxg5
f2 79. Ne4 Kg2 80. Nxf2 1/2-1/2

[Event "15th LCC Super Rapid 2025"]
[Site "London ENG"]
[Date "2025.12.07"]
[Round "7.14"]
[White "Lohia, Sohum"]
[Black "Rozen, Eytan"]
[Result "0-1"]
[WhiteTitle "IM"]
[BlackTitle "IM"]
[WhiteElo "2391"]
[BlackElo "2515"]
[WhiteFideId "5819369"]
[BlackFideId "2816750"]
[EventDate "2025.12.06"]

1. e4 c5 2. Nf3 d6 3. d4 cxd4 4. Nxd4 Nf6 5. Nc3 a6 6. Be2 e5 7. Nb3 Be7 8. Bg5
Nbd7 9. a4 b6 10. Bc4 Bb7 11. Qe2 O-O 12. O-O Qc7 13. Rfd1 Rfc8 14. Nd2 Nc5 15.
Bxf6 Bxf6 16. Bd5 Ne6 17. Bxb7 Qxb7 18. Qd3 Nf4 19. Qf3 b5 20. axb5 axb5 21.
Rxa8 Rxa8 22. Nb3 b4 23. Nd5 Nxd5 24. Rxd5 Qc6 25. Qd3 Be7 26. g3 Rc8 27. Rb5
Qxc2 28. Qd5 g6 29. Rxb4 Qe2 30. Qd2 Qf3 31. Qe3 Qxe3 32. fxe3 Bg5 33. Kf2 Rc2+
34. Kf3 Rxb2 35. h4 Bh6 36. Rb7 Rb1 37. g4 Rf1+ 38. Kg2 Rb1 39. g5 Bf8 40. Nc5
Rxb7 41. Nxb7 f6 42. gxf6 Kf7 43. Kf3 Kxf6 44. Na5 Ke6 45. Nc4 Be7 46. Kg3 d5
47. exd5+ Kxd5 48. Nd2 Bb4 49. Nf3 Ke4 50. Kf2 Be7 51. h5 g5 52. Nh2 Kf5 53. Kg3
Bb4 54. Ng4 Be1+ 55. Kh3 Ke4 56. Nf6+ Kf3 57. e4 Bb4 58. h6 Be7 59. Ng4 Kxe4 60.
Kg3 Bc5 61. Nf6+ Kf5 62. Ng4 e4 63. Kh3 e3 64. Nh2 g4+ 65. Nxg4 e2 0-1

[Event "15th LCC Super Rapid 2025"]
[Site "London ENG"]
[Date "2025.12.07"]
[Round "7.15"]
[White "Mikhalevski, Victor"]
[Black "Makkar, Rajat"]
[Result "1-0"]
[WhiteTitle "GM"]
[BlackTitle "IM"]
[WhiteElo "2504"]
[BlackElo "2395"]
[WhiteFideId "2801914"]
[BlackFideId "36016810"]
[EventDate "2025.12.06"]

1. Nf3 d5 2. g3 Nc6 3. d4 Bf5 4. Bg2 Nb4 5. Na3 e6 6. c3 Nc6 7. Qb3 Rb8 8. Nh4
Bg4 9. e4 dxe4 10. Bxe4 Be7 11. h3 Bh5 12. Qb5 Nf6 13. Bxc6+ bxc6 14. Qxc6+ Nd7
15. Ng2 Rb6 16. Qe4 Bxa3 17. bxa3 Nf6 18. Qe5 Qd5 19. Qxd5 Nxd5 20. g4 Bg6 21.
c4 Nc3 22. Bd2 Nxa2 23. Nf4 Rb2 24. h4 O-O 25. Rh3 Rd8 26. Nxg6 hxg6 27. Rd3 c5
28. Be3 a5 29. Rd2 Rxd2 30. Bxd2 Rxd4 31. Rxa2 a4 32. f3 Rxc4 33. Kd1 Rd4 34.
Rc2 c4 35. Ke2 f5 36. gxf5 gxf5 37. Be1 e5 38. Rd2 Kf7 39. Rxd4 exd4 40. Bf2 d3+
41. Kd2 Ke6 42. Kc3 Kd5 43. h5 f4 44. Be1 1-0

[Event "15th LCC Super Rapid 2025"]
[Site "London ENG"]
[Date "2025.12.07"]
[Round "7.16"]
[White "Siva, Mahadevan"]
[Black "Rendle, Thomas E"]
[Result "1-0"]
[WhiteTitle "IM"]
[BlackTitle "IM"]
[WhiteElo "2424"]
[BlackElo "2370"]
[WhiteFideId "25043153"]
[BlackFideId "408760"]
[EventDate "2025.12.06"]

1. e4 e6 2. d4 d5 3. Nd2 Be7 4. Ngf3 Nf6 5. Bd3 c5 6. exd5 Qxd5 7. dxc5 Nbd7 8.
Qe2 Nxc5 9. Bc4 Qh5 10. O-O O-O 11. b3 b6 12. Bb2 Bb7 13. a4 Rfd8 14. a5 Nd5 15.
Be5 b5 16. Bxb5 Rac8 17. Bc4 Qg6 18. c3 Bf6 19. Rac1 Bxe5 20. Qxe5 Nxc3 21. Rxc3
Rxd2 22. Be2 Rd5 23. Qe3 Ne4 24. Rxc8+ Bxc8 25. Nh4 Qf6 26. Qxe4 Bb7 27. Nf3 h6
28. Qb4 Rd7 29. a6 Bd5 30. Qb5 Rd8 31. Qc5 Qb2 32. Re1 Qxb3 33. Qxa7 Ra8 34. Qe3
Qb4 35. Rc1 Qb2 36. h3 Bxf3 37. Bxf3 1-0

[Event "15th LCC Super Rapid 2025"]
[Site "London ENG"]
[Date "2025.12.07"]
[Round "7.17"]
[White "Bazakutsa, Svyatoslav"]
[Black "Golding, Alex"]
[Result "1-0"]
[WhiteTitle "IM"]
[BlackTitle "IM"]
[WhiteElo "2478"]
[BlackElo "2370"]
[WhiteFideId "14198525"]
[BlackFideId "427241"]
[EventDate "2025.12.06"]

1. c4 e5 2. g3 Nf6 3. Bg2 Nc6 4. Nc3 Bb4 5. e4 O-O 6. Nge2 d6 7. O-O Qe7 8. d3
a6 9. Bg5 Bxc3 10. Nxc3 Be6 11. f4 h6 12. Bh4 exf4 13. gxf4 g5 14. Bg3 Bg4 15.
Qd2 Nh5 16. Nd5 Qd8 17. fxg5 Qxg5 18. Qxg5+ hxg5 19. Nxc7 Nxg3 20. hxg3 Rac8 21.
Nd5 Kg7 22. Ne3 Be6 23. Nc2 Ne5 24. Rad1 Nxd3 25. Rxd3 Bxc4 26. Rd2 Bxf1 27.
Bxf1 Rce8 28. Bg2 f5 29. exf5 Rxf5 30. Bxb7 Rb8 31. Nd4 Ra5 32. Nc6 1-0

[Event "15th LCC Super Rapid 2025"]
[Site "London ENG"]
[Date "2025.12.07"]
[Round "7.18"]
[White "Roebers, Eline"]
[Black "Hanache, Kai"]
[Result "1/2-1/2"]
[WhiteTitle "IM"]
[WhiteElo "2392"]
[BlackElo "2122"]
[WhiteFideId "1058401"]
[BlackFideId "490105"]
[EventDate "2025.12.06"]

1. e4 c5 2. Nf3 d6 3. d4 cxd4 4. Nxd4 Nf6 5. Nc3 Nc6 6. Nd5 Nxd5 7. exd5 Qa5+ 8.
Bd2 Qxd5 9. Nb5 Qe6+ 10. Be2 Qd7 11. c4 e6 12. Bf4 e5 13. Be3 Be7 14. Qd2 O-O
15. O-O Rd8 16. Rad1 b6 17. f4 Bb7 18. b3 exf4 19. Bxf4 a6 20. Nc3 Bf6 21. Nd5
Be5 22. Bxe5 Nxe5 23. Nxb6 Qc6 24. Nd5 Qc5+ 25. Kh1 Re8 26. Qg5 Ng6 27. Bf3 Re5
28. Qd2 Rb8 29. Qd4 Qxd4 30. Rxd4 Rbe8 31. Nf6+ gxf6 32. Bxb7 Rf5 33. Kg1 Ra5
34. Rxd6 Rxa2 35. Rdxf6 Ne5 36. Rxa6 Rb2 37. Ra8 Rxa8 38. Bxa8 Rxb3 39. Bd5 Rc3
40. h3 Nxc4 41. Rxf7 Ne3 42. Ba2 Kh8 43. Rf2 Rc1+ 44. Kh2 Nf1+ 45. Kg1 Ne3+ 46.
Kh2 Nf1+ 1/2-1/2